000 00391nam a2200145Ia 4500
008 240729s9999 xx 000 0 und d
022 _a2599-0306
245 0 _aJournal of Private and Commercial Law
260 _aIndonesia
260 _bUniversitas Negeri Semarang
650 _aLaw
856 _uhttps://doaj.org/toc/d0056e7047f64582879d76c930c0e414
942 _2ddc
942 _cDOAJEJ
999 _c69794
_d69794
945 _a1
_bMadushi Gamage
_c1
_dMadushi Gamage